000
00338nam a2200145Ia 4500
003
OSt
005
20240223122645.0
008
170524s9999 xx 000 0 und d
020
_a
9789356064270
040
_c
IIMT UNIVERSITY
100
_a
Robin Stephenp
245
0
_a
Organizational Behavior
260
_a
New Delhi PHI
942
_2
ddc
_c
01
999
_c
2990
_d
2990